000 06717cam a22020174i 4500
003 PE-LiUPU
005 20250813165850.0
008 150706s2012 sp a r 001 0 spa d
020 _a8480868864
020 _a9788480868860
035 _a(Sirsi) i9788480868860
040 _aPE-LiUPU
_bspa
_cPE-LiUPU
_erda
041 1 _aspa
_heng
049 _aPRUA
082 0 4 _a610.7302
_bS68
_220
100 1 _aSorrentino, Sheila A.,
_eautor.
245 1 0 _aFundamentos de enfermería práctica /
_cSheila Sorrentino, Leghann Remmert y Bernie Gorek.
250 _a4a ed.
264 1 _aBarcelona :
_bElsevier Mosby,
_c2012.
300 _axx, 548 páginas :
_bilustraciones ;
_c27 centímetros
300 _a04 CD-ROM
336 _atext
_2rdacontent
337 _aunmediated
_2rdamedia
338 _avolume
_2rdacarrier
504 _aÍndice: páginas 541-548.
505 0 _aIntroducción a hospitales y residencias asistidas -- Auxiliares de enfermería -- Ética laboral -- Comunicación con el equipo de salud -- Comprender a las personas -- Estructura y función del cuerpo -- Cuidado de la persona anciana -- Favorecer la seguridad -- Prevención de caídas -- Alternativas de inmovilización y uso seguro de la retención -- Prevención de las infecciones Mecánica corporal -- Manejar, mover y trasladar al paciente de forma segura -- Ayuda al confort -- Ayuda con los procedimientos de higiene -- Ayuda con el aseo -- Ayuda a la eliminación urinaria -- Ayudar a la evacuación intestinal -- Ayudar con la nutrición y los líquidos -- Ayuda a la valoración -- Ayuda con las muestras biológicas -- Ayuda al ejercicio y a la actividad -- Ayuda con el cuidado de las heridas -- Ayuda para cubrir las necesidades de oxígeno -- Ayuda a la rehabilitación y a los cuidados de enfermería tonificantes -- Cuidado de las personas con problemas de salud habituales -- Atención a las personas que padecen problemas mentales -- La atención a las personas con síndrome confusional y demencia -- Asistencia en el cuidado urgente -- Cuidados paliativos y atención post mórtem.
526 _aP203
526 _aP200
526 _aSEG65
526 _aSEG64
526 _aSEG63
526 _aSEG62
526 _aSEG61
526 _aSEG60
526 _aSEG59
526 _aSEG58
526 _aSEG57
526 _aSEG56
526 _aSEG55
526 _aSEG54
526 _aSEG53
526 _aSEG52
526 _aSEG51
526 _aSEG50
526 _aSEG49
526 _aSEG48
526 _aSEG47
526 _aSEG46
526 _aSEG24
526 _aSEG23
526 _aSEG22
526 _aSEG21
526 _aSEG20
526 _aSEG19
526 _aSEG18
526 _aSEG17
526 _aSEG16
526 _aSEG14
526 _aSEG13
526 _aSEG12
526 _aSEG11
526 _aSEG10
526 _aSEG09
526 _aSEG06
526 _aSEG05
526 _aSEG04
526 _aSEG03
526 _aSEG02
526 _aSEG68
526 _aSEG66
526 _aSEG45
526 _aSEG25
526 _aSEG01
526 _aP163
526 _aP162
526 _aP161
526 _aP160
526 _aP159
526 _aP158
526 _aP157
526 _aP156
526 _aP155
526 _aP154
526 _aP153
526 _aP152
526 _aP151
526 _aP150
526 _aP149
526 _aP142
526 _aP141
526 _aP140
526 _aP139
526 _aP138
526 _aP137
526 _aP132
526 _aP131
526 _aP130
526 _aP126
526 _aP125
526 _aP124
526 _aP123
526 _aP115
526 _aP122
526 _aP121
526 _aP116
526 _a P114
526 _aP112
526 _aP111
526 _aP104
526 _aP103
526 _aP102
526 _aP101
526 _aP100
526 _aP96
526 _aP95
526 _aP93
526 _aP92
526 _aP91
526 _aP88
526 _aP83
526 _aP82
526 _aP79
526 _aP78
526 _aP75
526 _aP74
526 _aP71
526 _aP69
526 _a P51
526 _aP49
526 _aP48
526 _aP47
526 _aP33
526 _aP31
526 _a P30
526 _aP29
526 _aP27
526 _aP26
526 _aP25
526 _aP24
526 _a P22
526 _aP10
526 _aP09
526 _a P08
526 _aP06
526 _aP05
526 _aP04
526 _aP01
534 _aTítulo original: Mosby's essentials for nursing assistants.
541 _g001-000032;
541 _g001-000090;
541 _g001-000090;
541 _g001-000111;
650 0 4 _aCuidados de enfermería.
_93121
650 0 4 _aEnfermería práctica.
650 0 4 _aEnfermería
_vManuales.
700 1 _aGorek, Bernie,
_eautor.
700 1 _aRemmert, Leighann N.,
_eautor.
910 _bjv
_cng
_d20120702
910 _adbm
_bsag
_csag
_d20190507
942 _2ddc
_cBOOK
949 _a610.7302 S68
_wDEWEY
_c1
_i65066
_lCCODEBUL1
_mBUL
_p65.00
_r0
_sY
_tBOOK
_u2015-7-6
_xSALUD
_PP22
_o.STAFF. Colección General
949 _a610.7302 S68
_wDEWEY
_c2
_i67104
_lCCODEBUL1
_mBUL
_p46.00
_r0
_sY
_tBOOK
_u2015-7-6
_xSALUD
_PP22
_o.STAFF. Colección General
949 _a610.7302 S68
_wDEWEY
_c3
_i67105
_lCCODEBUL1
_mBUL
_p46.00
_r0
_sY
_tBOOK
_u2015-7-6
_xSALUD
_PP22
_o.STAFF. Colección General
949 _a610.7302 S68
_wDEWEY
_c4
_i67700
_lCCODEBUL1
_mBUL
_p46.00
_r0
_sY
_tBOOK
_u2015-7-6
_xSALUD
_PP22
_o.STAFF. Colección General
994 _aC0
_bPEPRU
596 _a1
999 _a610.7302 S68
_wDEWEY
_c53753
_i65066
_d53753
_e2017-10-29
_f2021-11-3
_g5
_lCCODEBUL1
_mBUL
_n1
_p65.00
_q1
_r0
_sY
_tBOOK
_u2015-7-6
_xSALUD
_PP22
_0COMPRA
_o.STAFF. Colección General
999 _a610.7302 S68
_wDEWEY
_c2
_i67104
_d2016-6-3
_e2016-6-2
_f2021-11-3
_g5
_lCCODEBUL1
_mBUL
_n1
_p46.00
_r0
_sY
_tBOOK
_u2015-7-6
_xSALUD
_PP22
_0COMPRA
_o.STAFF. Colección Ciencias de la Salud
999 _a610.7302 S68
_wDEWEY
_c3
_i67105
_d2018-3-26
_e2017-5-28
_f2021-11-3
_g5
_lCCODEBUL1
_mBUL
_n3
_p46.00
_q2
_r0
_sY
_tBOOK
_u2015-7-6
_xSALUD
_PP22
_0COMPRA
_o.STAFF. Colección Ciencias de la Salud
999 _a610.7302 S68
_wDEWEY
_c4
_i67700
_f2021-11-3
_g3
_lCCODEBUL1
_mBUL
_p46.00
_r0
_sY
_tBOOK
_u2019-5-7
_xSALUD
_PP22
_0COMPRA
_o.STAFF. Colección Ciencias de la Salud
980 _81
_gALBERTO SANCHEZ Responsable de Automatización